Exceso y donación: la búsqueda del Dios sin Dios

Salvato in:
Dettagli Bibliografici
Autore principale: Barco, Oscar del (Autore)
Natura: Libro
Lingua:spagnolo
Pubblicazione: Buenos Aires Biblioteca Internacional Martín Heidegger 2003
Edizione:1a. ed
Serie:En el Camino hacia el otro Pensar
Soggetti:
Tags: Aggiungi Tag
Nessun Tag, puoi essere il primo ad aggiungerne!!

MARC

LEADER 00000nam a2200000 a 4500
001 UCL9923
003 CL-VaPUC
008 040903e20030000AG |||||||||||||||||spa|d
020 |a 9879856511 
082 0 4 |a 210  |b BAR  |2 21 
100 0 |a Barco, Oscar del  |e author  |9 487850 
245 1 0 |a Exceso y donación: la búsqueda del Dios sin Dios 
250 |a 1a. ed 
300 |a 458 p 
942 |c BK 
945 |d 20040903 00:00:00  |a cmena 
260 |a Buenos Aires  |b Biblioteca Internacional Martín Heidegger  |c 2003 
600 0 |a Dios  |9 314467 
650 0 |a Filosofía de la religión   |9 256017 
650 0 |a Escuelas filosóficas   |9 266232 
650 0 |a Ontología   |9 256850 
583 |a last modification  |c 20040903 00:00:00  |k Rodrigo Vera 
490 0 |a En el Camino hacia el otro Pensar 
999 |c 310539  |d 310537 
952 |0 0  |1 0  |4 0  |6 210_000000000000000_BAR_2003  |7 0  |8 A  |9 379124  |a BIBEDU  |b BIBEDU  |d 2019-11-21  |i 404889K  |l 3  |o 210 BAR 2003  |p 404889K  |r 2022-05-02  |s 2022-04-27  |w 2019-11-21  |y BK  |k EDU